000 00238 a2200097 4500
001 26630
100 _aBurghardt, M.D
245 _aEngineering thermodynamics with applications
260 _a
_bHarper row pub
_c1978
090 _c17924
_d17924
942 _aNUST-CAE
_cM
_c8807
999 _c261703
_d261703